The studhorse man

Saved in:
Bibliographic Details
Main Author: Kroetsch, Robert
Format: Book
Language:Undetermined
Published: Toronto, Canadá General 1982
Subjects:
Tags: Add Tag
No Tags, Be the first to tag this record!

MARC

LEADER 00000nam a2200000Ia 4500
008 170316s9999 xx 000 0 und d
040 |a cru BVZT 
090 |a 818 K-8s 
100 |a Kroetsch, Robert 
245 4 |a The studhorse man 
260 |a Toronto, Canadá 
260 |b General 
260 |c 1982 
300 |a 175 páginas 
650 |a LITERATURA CANADIENSE 
942 |c 15 D 
999 |c 6495  |d 6495